| 000 | 01379nam a2200241 a 4500 | ||
|---|---|---|---|
| 001 | 18602 | ||
| 003 | BD-RjUL | ||
| 005 | 20211209000317.0 | ||
| 008 | 910415s1948 enk 000 0 eng d | ||
| 035 | _a(BD-RjUL)18660 | ||
| 040 |
_aANL _beng _cANL _dANL:NR _dBD-RjUL |
||
| 041 | _aeng | ||
| 082 | 0 | 4 |
_a909 _223 _bCHA 1948 |
| 245 | 0 | 4 |
_aThe Challenge of our time: _ba series of essays / _c by Arthur Koestler ... [et al.] |
| 250 | _a1st ed. | ||
| 260 |
_aLondon: _bPercival Marshall, _c1948. |
||
| 300 |
_a78 p. _c23 cm. |
||
| 500 | _aBritish broadcast talks. | ||
| 505 | 0 | _aThe story behind The challenge of our time, by Grace Wyndham-Goldie.--What the modern world is doing to the soul of man, by Arthur Koestler.--Has all this happened before? By E.L. Woodward.--The social responsibility of science, by J. D. Bernal.--The point of view of the creative artist, by E.M. Forster.--What light from the ancient world? By Benjamin Farrington.--Can science bring peace? By Michael Polanyi.--The view of a biologist, by J.B.S. Haldane.--The fairy ring of civilization, by V.A. Demant.--Can science be reconciled with the humanities? By C.H. Waddington.--Summing up: I, by A.D. Ritchie.--Summing up: II, by Lord Lindsay.--Epilogue, by Rupert Crawshay-Williams. | |
| 650 | 0 |
_aCivilization, Modern. _9222032 |
|
| 700 |
_aKoestler, Arthur ... [et al.] _9222034 |
||
| 942 |
_2ddc _cRAR |
||
| 999 |
_c18602 _d18602 |
||